Jewish Holidays Matching Quiz Stats

 Plays Quiz not verified by Sporcle

Also try: Jewish Holidays
Challenge
Share
Tweet
Score 0/16 Timer 03:00
0 Plays Today
% Correct
Festival of Lights
87.8%
Weekly day of rest
85.5%
Jewish New Year
82.4%
Day of Atonement
80.7%
Rejoicing of the Torah
64.7%
Commemoration of deliverance from Egypt
58.9%
Celebrates the reunification of Jerusalem
52.8%
Feast of Booths; Feast of Tabernacles
51.3%
% Correct
Festival of Lots
48.4%
33rd day of the Omer
43.9%
New Year for Trees
43.3%
First day of the Month
42.7%
Commemorates the destruction of the First and Second Temples in Jerusalem
33.4%
Festival of Weeks
30.4%
Eighth Day of Assembly
24.8%
The seventh day of the Feast of Booths
24.2%

You're not logged in!

Compare scores with friends on all Sporcle quizzes.
OR
Log In

You Might Also Like...

Show Comments

Extras

Editor's Pick Dec 10, 2015SourceReportNominate
Tags:Religious Holiday Quiz, jewish

Top Quizzes Today


Score Distribution

Your Account Isn't Verified!

In order to create a playlist on Sporcle, you need to verify the email address you used during registration. Go to your Sporcle Settings to finish the process.

Report this User

Report this user for behavior that violates our Community Guidelines.

Details: